The beginner's book of dreams (Record no. 9019)
[ view plain ]
| 000 -LEADER | |
|---|---|
| fixed length control field | 00676cam a2200241 a 4500 |
| 001 - CONTROL NUMBER | |
| control field | 3842425 |
| 003 - CONTROL NUMBER IDENTIFIER | |
| control field | OSt |
| 005 - DATE AND TIME OF LATEST TRANSACTION | |
| control field | 20150917150335.0 |
| 008 - FIXED-LENGTH DATA ELEMENTS--GENERAL INFORMATION | |
| fixed length control field | 871223s1988 nyu 000 1 eng |
| 010 ## - LIBRARY OF CONGRESS CONTROL NUMBER | |
| LC control number | 87040480 |
| 020 ## - INTERNATIONAL STANDARD BOOK NUMBER | |
| Canceled/invalid ISBN | 0394551575 : |
| Terms of availability | $18.95 |
| 040 ## - CATALOGING SOURCE | |
| Original cataloging agency | SEKU |
| 043 ## - GEOGRAPHIC AREA CODE | |
| Geographic area code | n-us-ny |
| 050 00 - LIBRARY OF CONGRESS CALL NUMBER | |
| Classification number | PS 3552 .E5 |
| Item number | B4 1988 |
| 100 1# - MAIN ENTRY--PERSONAL NAME | |
| Personal name | Benedict, Elizabeth. |
| 245 14 - TITLE STATEMENT | |
| Title | The beginner's book of dreams |
| Statement of responsibility, etc. | Elizabeth Benedict. |
| 250 ## - EDITION STATEMENT | |
| Edition statement | 1st ed. |
| 260 ## - PUBLICATION, DISTRIBUTION, ETC. (IMPRINT) | |
| Place of publication, distribution, etc. | New York : |
| Name of publisher, distributor, etc. | Knopf, |
| Date of publication, distribution, etc. | 1988. |
| 300 ## - PHYSICAL DESCRIPTION | |
| Extent | 325 p. ; |
| Dimensions | 23 cm. |
| 650 #0 - SUBJECT ADDED ENTRY--TOPICAL TERM | |
| Topical term or geographic name as entry element | Young women |
| Geographic subdivision | New York (State) |
| -- | New York |
| Form subdivision | Fiction. |
| 650 #0 - SUBJECT ADDED ENTRY--TOPICAL TERM | |
| Topical term or geographic name as entry element | Families |
| Geographic subdivision | New York (State) |
| -- | New York |
| Form subdivision | Fiction. |
| 942 ## - ADDED ENTRY ELEMENTS (KOHA) | |
| Source of classification or shelving scheme | Library of Congress Classification |
| Koha item type | General circulation |
| Withdrawn status | Lost status | Source of classification or shelving scheme | Damaged status | Not for loan | Home library | Current library | Shelving location | Date acquired | Source of acquisition | Total Checkouts | Full call number | Barcode | Date last seen | Price effective from | Koha item type | Public note |
|---|---|---|---|---|---|---|---|---|---|---|---|---|---|---|---|---|
| Library of Congress Classification | Mtito Andei Centre Library | Mtito Andei Centre Library | General Stacks | 17/09/2015 | Donation-books for Africa | PS 3552 .E5 B4 1988 | 2015/007972 | 17/09/2015 | 17/09/2015 | General circulation | amk |